Children's digest.

Bibliographic Details
New Title:Children's digest and children's playcraft
Previous Title:Children's playcraft
Format: Journal
Language:English
Published: [New York] : [Parents' Magazine Enterprises]
Subjects:
Online Availability: Check for online availability

MARC

Tag First Indicator Second Indicator Subfields
LEADER 00000cas a22000001 4500
001 in00003492621
005 20151106045656.0
008 750817d19501980nyumn p 0 a0eng c
010 |a  52026422  
019 |a 2445895 
022 1 |a 0009-4099  |l 0009-4099  |2 1 
035 |a (OCoLC)ocm01554236 
035 |a (OCoLC)1554236  |z (OCoLC)2445895 
040 |a MUL  |b eng  |c MUL  |d NSD  |d OCL  |d NSD  |d AIP  |d NSD  |d OCL  |d DLC  |d OCLCQ  |d DLC  |d NSD  |d OCLCQ  |d YUS  |d OCLCF  |d TXA  |d UtOrBLW 
042 |a nsdp  |a pcc  |a premarc 
049 |a TXAM 
050 0 0 |a AP201  |b .C535 
082 0 0 |a 028.5 
210 0 |a Child. dig.  |b (New York) 
222 0 |a Children's digest  |b (New York) 
245 0 0 |a Children's digest. 
264 1 |a [New York] :  |b [Parents' Magazine Enterprises] 
300 |a volumes :  |b illustrations ;  |c 20 cm. 
310 |a Monthly, except July and Aug. 
336 |a text  |b txt  |2 rdacontent 
337 |a unmediated  |b n  |2 rdamedia 
338 |a volume  |b nc  |2 rdacarrier 
362 0 |a no. 1-295; Oct. 1950-Feb. 1980. 
580 |a "With which has been combined True comics, Calling all kids and Calling all boys." 
650 0 |a Children's periodicals. 
650 7 |a Children's periodicals.  |2 fast  |0 (OCoLC)fst00856186 
780 0 5 |t Children's playcraft  |w (OCoLC)3307321  |g Sept. 1978 
785 0 0 |t Children's digest and children's playcraft  |x 0273-7582  |w (DLC)sn 80002758  |w (OCoLC)6903813 
850 |a DLC 
936 |a Unknown  |a May 1976 
948 |a cataloged  |b h  |c 2015/4/2  |d c  |e jolivare  |f 3:47:27 pm 
994 |a C0  |b TXA 
999 |a MARS 
999 f f |s 755464e3-cfad-3e42-a6bf-80b6b955c7bf  |i 5272d646-9bb2-370f-ac20-0b4aa566215a  |t 0 
952 f f |p noncirc  |a Texas A&M University  |b College Station  |c Cushing Memorial Library & Archives  |d Cushing: Science Fiction (Does not check out)  |t 0  |e AP201 .C535  |h Library of Congress classification  |i unmediated -- volume 
998 f f |a AP201 .C535  |s 1964:Nov.  |t 0  |l Cushing: Science Fiction (Does not check out)